Préfectures et sous-préfectures de Nouvelle-Aquitaine - Statistiques

Statistiques générales
  • Ce quiz a été pris 247 fois
  • Le résultat moyen est 26 sur 41
Statistiques - réponses
Département Réponse % Correct
Gironde Bordeaux
99%
Charente-Maritime La Rochelle
96%
Charente Angoulême
93%
Haute-Vienne Limoges
92%
Pyrénées-Atlantique Pau
92%
Landes Mont-de-Marsan
91%
Deux-Sèvres Niort
91%
Dordogne Périgueux
91%
Vienne Poitiers
89%
Corrèze Tulle
89%
Lot-et-Garonne Agen
85%
Creuse Guéret
84%
Pyrénées-Atlantique Bayonne
83%
Landes Dax
80%
Corrèze Brive-la-gaillarde
75%
Gironde Arcachon
71%
Charente-Maritime Rochefort
71%
Charente Cognac
70%
Dordogne Bergerac
69%
Charente-Maritime Saintes
69%
Gironde Libourne
66%
Dordogne Sarlat-la-Canéda
53%
Pyrénées-Atlantique Oloron-Sainte-Marie
52%
Creuse Aubusson
49%
Lot-et-Garonne Marmande
49%
Lot-et-Garonne Villeneuve-sur-Lot
48%
Vienne Châtellerault
47%
Charente-Maritime Jonzac
46%
Deux-Sèvres Parthenay
45%
Charente-Maritime Saint-Jean-d'Angély
44%
Gironde Blaye
43%
Deux-Sèvres Bressuire
42%
Corrèze Ussel
42%
Dordogne Nontron
41%
Gironde Langon
40%
Gironde Lesparre-Médoc
40%
Charente Confolens
38%
Haute-Vienne Bellac
36%
Lot-et-Garonne Nérac
36%
Vienne Montmorillon
34%
Haute-Vienne Rochechouart
29%
Aucun quiz correspondant
Distribution des résultats
% des personnes avec chaque résultat
Percentile par nombre de réponses
Votre historique - résultats
Vous n’avez pas pris ce quiz